[Event "Aerosvit 2007"]
[Site "Foros"]
[Date "2007.06.20"]
[Round "3"]
[White "GM Shirov, Alexei(ESP)"]
[Black "GM Van Wely, Loek(NED)"]
[Result "0-1"]
[WhiteElo "2699"]
[BlackElo "2674"]
[Annotator "Ëåáåäåâ Âàñèëèé"]
[PlyCount "58"]
[EventDate "2007.??.??"]

{Â ýòîì ãîäó êàêèì-òî çëûì ãåíèåì äëÿ Àëåêñåÿ Øèðîâà ñòàë Ëþê âàí Âåëè. Êàê è
â Âåéêå ãîëëàíäåö ñóìåë äîáèòüñÿ ïîáåäû â îñòðåéøåé ñèöèëèàíñêîé áèòâå...} 1.
e4 c5 2. Nf3 d6 3. d4 cxd4 4. Nxd4 Nf6 5. Nc3 a6 6. Bg5 e6 7. f4 Nbd7 8. Qf3
Qc7 9. O-O-O b5 10. Bd3 Bb7 11. Rhe1 Be7 12. Qg3 b4 13. Nd5 $1 {
Êàê âñåãäà, íà ýòîì ìåñòå... «Òåîðåòè÷åñêàÿ» êðàñîòà.} exd5 ({
Æåðòâó ïðèíÿòü ÷¸ðíûå îáÿçàíû -} 13... Nxd5 14. exd5 Bxd5 15. Bxe7 Kxe7 16.
Nf5+ (16. Nxe6 $5 Bxe6 17. f5) 16... Kd8 17. Qg5+ f6 18. Qxg7 Re8 19. Be4 $1)
14. exd5 Kd8 15. Nc6+ Bxc6 16. dxc6 Nc5 ({Ýòà ïîçèöèÿ ðàçîê óæå âñòðåòèëàñü â
ïðàêòèêå Àëåêñåÿ, íî èãðàë îí òîãäà... ÷¸ðíûì öâåòîì. Äåëî áûëî òàê:} 16...
Qxc6 17. Bxf6 Nxf6 18. Qxg7 Re8 19. Qxf7 Ra7 (19... Qd7) 20. Rxe7 $1 Raxe7 21.
Qxf6 Kc7 22. Qd4 (22. Qh4 $5) 22... Qb6 23. Qxb6+ Kxb6 {
, è ÷¸ðíûå ïîñòåïåííî âûèãðàëè:} 24. Kd2 Kc5 25. f5 Rg8 26. g3 h5 27. Rf1 h4
28. Rf4 hxg3 29. hxg3 d5 30. f6 Rf7 31. g4 a5 32. Ke3 Rg5 33. b3 Re5+ 34. Kf3
Kd6 35. Bg6 Rf8 36. f7 Ke7 37. Bh5 Rc8 38. Bg6 Kf8 39. Rf6 Kg7 40. Ra6 d4 41.
Kf4 Re2 42. Bf5 Rf8 43. Rxa5 Rxf7 44. Rb5 Rxc2 45. Rxb4 d3 46. Rd4 d2 47. Ke3
Re7+ 48. Kf3 Rxa2 49. Be4 Rb2 50. Rd3 Rxb3 {
(0-1 Navara,D (2663) - Shirov,A (2705)/Prague 2005).}) 17. Bc4 $146 {Íîâèíêà, ê
îòîðàÿ ñâîèõ ïîñëåäîâàòåëåé íå íàéä¸ò...  À ìîæåò ,Øèðîâ ïðîñòî ïåðåïóòàë
ïîðÿäîê õîäîâ?} ({Çàìå÷àòåëüíûõ ðåçóëüòàòîâ äîáèâàëèñü áåëûå ïîñëå õèòðîãî} 
17. Bh4 {íàìåêàÿ íà òî, ÷òî ïóíêò g7 ó ÷¸ðíûõ ñëàáîâàò.} Rg8 18. Bxh7 $1 (18.
Bc4 $5) 18... Rh8 19. Qxg7 Rxh7 20. Qxf6 $1 Rxh4 ({êîíå÷íî, íåëüçÿ} 20... Bxf6
21. Bxf6+ {ñ ðàçãðîìîì}) 21. Qxf7 Rh8 22. Re5 $3 {
È îøèáèòüñÿ ÷¸ðíûì çäåñü ïðîùå ïðîñòîãî:} Na4 ({èëè} 22... Rf8 23. Qg7 Ra7 $2
(23... Na4 24. Re3 Re8 25. Rde1 Ra7 26. f5) 24. Rxc5 $1 Qb6 25. Qe5 Rf6 26. Rc4
Rc7 27. Qe4 Kc8 28. Kb1 d5 29. Qxd5 Rfxc6 30. Rxc6 Qxc6 31. Qxc6 Rxc6 32. Kc1
Rh6 33. h3 Bd6 34. Rd4 Kd7 35. Kd2 Ke6 36. Ke2 a5 37. Kf3 Bc5 38. Re4+ Kd5 39.
Re5+ Kd4 40. Re4+ Kd5 41. c3 bxc3 42. bxc3 Rh8 43. c4+ Kd6 44. f5 Bb4 45. Re6+
Kc5 46. f6 Kxc4 47. Ke4 a4 48. Kf5 a3 49. f7 Rc8 50. g4 Kd5 51. Re5+ Kd4 52.
Re4+ Kc3 53. Rxb4 Kxb4 54. g5 {
(1-0 Vuckovic,B (2529) - Tadic,B (2495)/Herceg Novi 2005)}) 23. Re3 Ra7 24.
Rde1 Re8 25. f5 Qxc6 26. f6 Qxg2 $2 (26... Rc7 $1) 27. fxe7+ Kd7 28. Rg3 Qa8
29. Rg6 Nc5 30. Rd1 Nb7 31. Qe6+ Kc7 32. Rg4 a5 33. Rc4+ {
(1-0 Kotronias,V (2608) - Shneider,A (2532)/Korinthos 2004).}) 17... Nfe4 18.
Qe3 $5 ({Ïîñëå} 18. Bxe7+ Qxe7 19. Qxg7 Kc7 {
ó áåëûõ â àòàêå òîæå íè÷åãî íå âûõîäèò:} 20. Rd4 ({ìîæåò, ïîëó÷øå} 20. Bd5
Qf6 21. Qxf6 Nxf6 22. Re7+ Kb6 23. Bxf7 (23. Bf3 Rae8) 23... Kxc6 24. g4 Raf8
$15) 20... Qf6 21. Qxf7+ Qxf7 22. Bxf7 Rhf8 23. Bd5 Rae8 24. Rxb4 (24. g3 Nf6)
24... Rxf4 25. g3 Nf6 $3 {Íà ýòîì êàðòèííîì ïîëîæåíèè  ïîçâîëüòå îñòàíîâèòüñÿ.
Ìåêñèêàíñêàÿ äóýëü (âñå ïðîòèâ âñåõ) ìåæäó ëàäüÿìè, íó âïðÿìü, êàê â ôèëüìàõ
Ðîäðèãåñà èëè Òàðàíòèíî!}) 18... f5 {Êðàñó è ãîðäîñòü ïîçèöèè - êîíÿ íà å4
-íàäî õîëèòü, ëåëåÿòü è âñÿ÷åñêè ïîääåðæèâàòü.} ({Òîíüøå} 18... f6 19. Bh4 f5
{(Íîòêèí).}) 19. g4 (19. Bxe7+ Qxe7 20. g4) 19... g6 20. gxf5 {
Íàäî ëè áûëî ñíèìàòü íàïðÿæåíèå?} ({Ïåðñïåêòèâíûì êàæåòñÿ} 20. h4 $5 {ñ èäååé}
fxg4 (20... Rf8 21. h5 $1) 21. Qd4 Re8 22. Bd5 Nxg5 23. hxg5 Kc8) 20... gxf5
21. Rd5 {Áåëûå íàïàëè íà ïåøå÷êó. Å¸ ìîæíî: à) çàùèùàòü; á) íå çàùèùàòü
âîîáùå â) çàùèùàòü ÷óòü ïîãîäÿ (÷òî è âñòðåòèëîñü â ïàðòèè). Âñå ýòè
âîçìîæíîñòè ìû è ðàññìîòðèì.} Bxg5 $1 {
Ðàçìûøëÿÿ íàä ýòèì õîäîì Ëþê äîãíàë Àëåêñåÿ ïî çàòðàòàì âðåìåíè.} ({
Èòàê, çàùèùàåì -} 21... Rf8 22. Bh6 Rf6 (22... Rf7 23. Rxc5 $1) 23. Bg7 Qxc6
24. Bxf6 Bxf6 25. Rxf5 Qd7 26. Rxf6 $1 ({èëè} 26. Rh5 $5 {è èä¸ò «ôîðñàæ» -}
Qg7 (26... Ra7 $5) 27. Rg1 Bxb2+ 28. Kd1 Qc3 29. Rg8+ Kc7 30. Rxh7+ Kc6 31.
Qxc3 Nxc3+ 32. Ke1 Rxg8 33. Bxg8 Bc1 34. f5 $13) 26... Nxf6 27. Qd4 Ne8 28. Qd5
Rb8 29. Qg5+ Kc8 30. Re7 h6 $1 ({íåõèëûé «ïðîìåæóòîê»;} 30... Qc6 31. Bd5 $18
) 31. Qh4 Qc6 (31... Qa4 32. Qh3+ Kd8 33. Qh4) 32. Qg4+ Kd8 33. Qh4 Nc7 (33...
Nd7 34. Be6 $1) (33... Kc8 34. Qg4+ Kd8) 34. f5 $13 {- íè÷åãî íå ïîíÿòü!}) ({
Íå çàùèùàåì -} 21... Re8 22. Rxf5 Bxg5 23. fxg5 Ra7 ({
âïîëíå ïî-ñèöèëèàíñêè âûãëÿäèò è} 23... b3 $5 24. axb3 Qa5 25. c3 $1 Nf6 26.
Be6 Ng4 27. c7+ $1 Kxc7 (27... Qxc7 28. Qf3 Qb7 29. Rd5) 28. Rf7+ Kb8 29. Qd4
Ra7 (29... Nxb3+ 30. Bxb3 Rxe1+ 31. Kd2 Qxg5+ 32. Kxe1 Qe5+ 33. Qxe5 Nxe5 34.
Rxh7 $18) 30. Qxd6+ Rc7 31. Kb1 Nxe6 32. Rxe6 Rxe6 33. Qxe6 Rxf7 34. Qe8+ Kc7
35. Qxf7+ Kd6 36. g6 {Â îáùåì, êàê âû ïîíèìàåòå, «áåãëûé» àíàëèç ïðèâ¸ë ìåíÿ
ê ìûñëè î òîì, ÷òî õîä â òåêñòå - ëó÷øåå ïðîäîëæåíèå.}) 24. Bf7 Qxf7 $1 25.
Rxf7 Rxf7) 22. fxg5 Rf8 23. Rf1 ({Åñëè} 23. Qf4 {, òî} Qxc6 24. Rxf5 Rxf5 25.
Qxf5 Ra7 $1 (25... Rc8 26. Qxh7 d5 27. Rd1 Nxg5 28. Qh4 {
è ïåøêà íà d5 ïàäàåò...}) 26. Bd5 Qe8 $1 ({ïîñëå} 26... Nd3+ 27. Kb1 Nd2+ 28.
Ka1 Qxc2 {
, êàê ýòî íè ñòðàííî, ìàòà áåëîìó êîðîëþ íå ïîëó÷àåòñÿ ïîñòàâèòü! Òî åñòü:}
29. Qf8+ Kc7 30. Re7+ Kb6 31. Qb8+ Ka5 32. Qd8+ Ka4 33. b3+ Kb5 34. Qe8+) 27.
Rxe4 Nxe4 28. Bxe4 Qe5 {, è ïåøêà íà h7 îêàçûâàåòñÿ çàùèùåíà!}) 23... Qxc6 24.
Rdxf5 Rxf5 25. Rxf5 Qe8 ({Ïî «êîìïîâîìó» - ïîçèöèÿ ïðàêòè÷åñêè áåçíàä¸æíàÿ
äëÿ áåëûõ, ïî-èãðîöêè æå - çäåñü âñ¸ ìîæåò ñëó÷èòüñÿ, èáî ôèãóðêè ìå÷óòñÿ ïî
äîñêå ïî íåìûñëèìûì òðàåêòîðèÿì. Âîò åù¸ îäíè «âïîëíå ïðèåìëåìûé» äëÿ ÷¸ðíûõ
âàðèàíò:} 25... Rc8 26. h4 Nd7 27. Bb3 Nec5 28. Bd5 Qb5 29. Kb1 Ne5 $19)
26. Rf7 ({Ïîñëå} 26. Qf3 {
Åãî ÷¸ðíîå Âåëè÷åñòâî ïðåâðàùàëîñü â ñòðåìèòåëüíîãî äðîìèòà -} Kc7 27. Bd5
Rc8 28. a3 Kb8 $17) 26... Rc8 27. Rxh7 {ÝÒÎ ëó÷øåå? Òîãäà ÿ óìîëêàþ...} (27.
a3 bxa3 28. Qxa3 Qe5) 27... Qe5 28. g6 $4 ({
Íî òóò  ñíîâà «îáðåòàþ» ãîëîñ. Ïîñëåäíèì øàíñîì áåëûõ áûëî} 28. Rf7 $5 {
è ÷¸ðíûå äîëæíû áûëè íàõîäèòü} d5 $1 ({ñëàáåå êàê} 28... Nxg5 29. Qxe5 dxe5
30. Rf5) ({òàê è} 28... Qxg5 29. Qxg5+ {è ò.ä., èáî ïåøêè îñòàâàëèñü òîëüêî íà
îäíîì ôëàíãå, à, çíà÷èò, âîçìîæíû áûëè âñÿêèå íè÷åéíûå íåîæèäàííîñòè})) 28...
Na4 29. g7 Qxb2+ (29... Qxb2+ 30. Kd1 Nac3+ 31. Qxc3 (31. Ke1 Qa1+) 31... Nxc3+
32. Kd2 Nb1+ 33. Ke3 Qe5+ {è ò.ä.}) 0-1

[Event "Aerosvit 2007"]
[Site "Foros"]
[Date "2007.06.20"]
[Round "3"]
[White "GM Karjakin, Sergey(UKR)"]
[Black "GM Rublevsky, Sergei(RUS)"]
[Result "1/2-1/2"]
[WhiteElo "2686"]
[BlackElo "2680"]
[Annotator "Ëåáåäåâ Âàñèëèé"]
[PlyCount "53"]
[EventDate "2007.??.??"]

{Â ïàðòèè äâóõ Ñåðãååâ çàïîìèíàþùåãîñÿ áûëî ìàëî.} 1. e4 c5 2. Nf3 e6 3. d4
cxd4 4. Nxd4 Nc6 5. Nc3 a6 {Ôèðìåííûé âàðèàíò Ñåðãåé Ðóáëåâñêîãî.} 6. Nxc6 bxc6
7. Bd3 d5 8. O-O Nf6 9. Qf3 {
Ãì-ì... Ñêàæåì òàê - íå ñàìîå ïîïóëÿðíîå ïðîäîëæåíèå.} ({
Îñíîâíûå áèòâû êèïÿò ïîñëå} 9. Re1 Be7 10. Qf3 O-O 11. Bg5 d4 12. Na4 e5 13. b3
Nd7 14. Bxe7 Qxe7 15. c3 c5 16. Rac1 Qd6 17. Qg3 Bb7 18. Rc2 Rac8 19. Rec1 Qh6
20. Nb2 f5 21. exf5 e4 22. Bc4+ Kh8 23. cxd4 cxd4 24. Bf1 Qxc1 25. Rxc1 Rxc1
26. Qf4 Rc5 27. g4 Ne5 28. Nc4 Nf3+ 29. Kg2 Nh4+ 30. Kh3 Nxf5 31. b4 Rc6 32.
gxf5 Rxf5 33. Qb8+ Bc8 34. Kg2 Rf8 35. Qe5 Rg6+ 36. Kh1 e3 37. Qe7 Rgf6 38. Ne5
exf2 39. h4 Be6 40. Kh2 Bxa2 41. Nd7 R6f7 42. Qc5 Re8 43. Qxd4 Rd8 44. Qb2
Rfxd7 45. Qxa2 Rd4 46. Kg3 Rxb4 47. Qxf2 a5 48. h5 h6 49. Qf7 a4 50. Bc4 a3 51.
Qe7 Rdb8 52. Qd6 a2 53. Bxa2 R4b6 54. Qd3 Rb2 55. Bc4 R2b4 56. Qd6 R4b6 57. Qd5
Rb4 58. Bd3 Rb3 59. Kf4 Rxd3 60. Qxd3 Rf8+ 61. Ke5 Rf6 62. Qd8+ Kh7 63. Qxf6
gxf6+ 64. Kxf6 Kh8 {
(1/2 Topalov,V (2772) - Mamedyarov,S (2757)/Sofia BUL 2007).}) ({Èëè} 9. Qe2
Be7 10. Na4 O-O 11. c4 Bb7 12. e5 Nd7 13. Bf4 Nb6 14. cxd5 cxd5 15. Nc3 Nd7 16.
Rad1 Nc5 17. Bb1 a5 18. Rfe1 g6 19. Be3 Ba6 20. Qd2 Rb8 21. Bd4 Rb4 22. Qe3 Nd7
23. a3 Rb7 24. f4 Bc4 25. Rd2 Nb8 26. Bd3 Bxd3 27. Qxd3 Nd7 28. Na4 Qb8 29. Rc1
Rc8 30. Rdc2 Rbc7 31. Rxc7 Rxc7 32. Rxc7 Qxc7 33. Qc3 Qb7 34. Kf2 Qb5 35. Qc2
Nb8 36. Nc3 Qb7 37. Ne2 Nc6 38. Bc5 Qb5 39. Bxe7 Nxe7 40. Qc3 h5 41. Nd4 Qb6
42. Ke2 Nf5 43. Nxf5 gxf5 44. b4 axb4 45. axb4 Qa6+ 46. Ke3 Qa7+ 47. Qd4 Qa3+
48. Kf2 h4 49. Qb6 Qb2+ 50. Ke1 Qc1+ 51. Ke2 Qc4+ 52. Kd1 Qf1+ 53. Kc2 Qc4+ 54.
Kd1 Qf1+ 55. Kc2 Qxf4 56. Qd8+ Kh7 57. Qe7 Qxe5 58. Qxf7+ Kh6 59. b5 Qe2+ 60.
Kc3 Qc4+ 61. Kd2 d4 62. Qf8+ Kg6 63. Qg8+ Kh5 64. Qe8+ Kg5 65. Qd8+ Kg4 66. b6
Qc3+ 67. Kd1 Qd3+ 68. Kc1 Qf1+ 69. Kb2 Qxg2+ 70. Kb3 Qf3+ 71. Kc4 Qc3+ 72. Kb5
Qb3+ 73. Ka6 Qa3+ 74. Kb5 Qb2+ 75. Ka6 Qa2+ 76. Kb5 Qe2+ 77. Kc5 Qc2+ 78. Kd6
d3 79. b7 d2 80. Kxe6 Qe4+ 81. Kf6 Qc6+ 82. Ke5 Qxb7 83. h3+ Kxh3 84. Qd3+ Kh2
85. Qxd2+ Qg2 86. Qd1 Qf2 87. Kf6 f4 88. Kf5 f3 89. Kg4 Qg3+ 90. Kh5 f2 91. Qf1
Qf3+ 92. Kh6 Qg2 {
(0-1 Ponomariov,R (2717) - Rublevsky,S (2680)/Elista RUS 2007).}) 9... Be7 10.
Qg3 O-O 11. Bh6 Ne8 12. Bd2 ({Â ïàðòèè-ïðåäøåñòâåííèöå áîðüáà  äëèëàñü íåäîëãî
} 12. Bf4 a5 13. exd5 cxd5 14. Nb5 {
(1/2 Lastin,A (2625) - Tunik,G (2503)/St Petersburg 2002).}) 12... a5 13. e5 a4
{Äî óïîðà!} 14. b3 axb3 15. axb3 Rxa1 16. Rxa1 f6 17. f4 {
Ïîñëå ýòîãî õîäà áîðüáà áåëûõ çà ïåðåâåñ ïî ñóòè ïðåêðàùàåòñÿ...} ({
Äóìàþ, ñëåäîâàëî ìåòíóòü ëàäüþ, êàê øàð â êåãåëüáàíå, -} 17. Ra8 Nc7 ({
íåáîëüøàÿ ëîâóøå÷êà} 17... fxe5 18. Qxe5 Bd6 $2 19. Qxe6+ $1 {
ñëèøêîì ïðîçðà÷íà}) {Êîíü îòâë¸êñÿ îò êîðîëåâñêîãî ôëàíãà è ïîñëå} 18. Ra4 {
ëàäüÿ áåëûõ õî÷åò ïðûãíóòü íàïðàâî, íî ìîæåò, ïðè ñëó÷àå, è âåðíóòüñÿ íà à8.
Âîò òóò (ÈÌÕÎ) è íà÷èíàëàñü íàñòîÿùàÿ èãðà.}) 17... g6 {
Øàõìàòèñòû èãðàþò ïëîòíî, âûñîêîêëàññíî, íî... ñêó÷íî.} 18. Qe1 {À òåïåðü íåá
îëüøîé ïåðåâåñèê ïåðåïîëçàåò íà ñòîðîíó Áîëüøîãî Ñåðãåÿ. Íî ÷èñòî
ñèìâîëè÷åñêèé.} fxe5 19. fxe5 Ng7 20. Na4 c5 $1 $11 {
Âñå ïðîáëåìû ÷¸ðíûõ ðåøåíû.} 21. Be3 ({Ìàëî ÷òî îáåùàåò è} 21. Ba5 {
, íàïðèìåð:} Qe8 22. Bb6 Qc6 23. Qa5 c4) 21... d4 22. Bh6 Bb7 23. Be4 Bxe4 24.
Qxe4 Qa8 25. Qe1 (25. Qxa8 Rxa8 $15) 25... Qb7 26. Nb2 Ra8 27. Rxa8+ ({Ïîñëå} 
27. Rxa8+ Qxa8 28. Bxg7 ({íî íå} 28. Nc4 Nf5) 28... Kxg7 29. Nc4 {
èãðà, ïî-ìîåìó, òåðÿåò âñÿêèé ñìûñë.}) 1/2-1/2

[Event "Aerosvit 2007"]
[Site "Foros "]
[Date "2007.06.20"]
[Round "3"]
[White "GM Sasikiran, Krishnan(IND)"]
[Black "GM Ivanchuk, Vassily(UKR)"]
[Result "1/2-1/2"]
[WhiteElo "2690"]
[BlackElo "2729"]
[Annotator "Ëåáåäåâ Âàñèëèé"]
[PlyCount "55"]
[EventDate "2007.??.??"]

{Ðåøèëè îòäîõíóòü â ïðåääâåðèè ãðÿäóùèõ áèòâ Ñàøèêèðàí è Èâàí÷óê.
Ñàìîñòîÿòåëüíîé èãðû â èõ ïàðòèè ïðàêòè÷åñêè íå áûëî.} 1. d4 Nf6 2. c4 e6 3.
Nf3 c5 4. d5 d6 5. Nc3 exd5 6. cxd5 g6 7. h3 Bg7 8. e4 O-O 9. Bd3 b5 $1 10.
Bxb5 ({Ñàìàÿ ïåðâàÿ ïàðòèÿ íà ýòó òåìó ïðîõîäèëà ïîä äåâèçîì: «Âïåð¸ä,
Êàçèìèðû÷»! Äàâàéòå ïîñìîòðèì å¸ -} 10. O-O c4 11. Bc2 b4 12. Ne2 Re8 13. Ng3
Nbd7 14. Nd4 Nc5 15. Re1 Bd7 16. Re2 Qb6 17. Bf4 h5 18. Nf3 b3 (18... Nd3) 19.
axb3 cxb3 20. Bb1 Bb5 21. Re3 Nfd7 22. Nd4 Ne5 23. Nxh5 $1 gxh5 24. Nf5 Ng6 25.
Bxd6 Rad8 $2 (25... Bxb2 $5) 26. Nxg7 Qxd6 27. Nxe8 Rxe8 28. Qxh5 a5 29. e5 $1
Rxe5 30. Rxe5 Nxe5 (30... Qxe5 31. Bxg6 $18) 31. Bh7+ (31. Rxa5 $18) 31... Kg7
32. Re1 Ng6 33. Re3 Bd3 34. Re8 Nf8 $2 (34... Qf4 $1 $11) 35. Bxd3 Nxd3 36.
Qg4+ Qg6 37. Qd4+ f6 38. Re3 Nc1 39. Kh2 Nh7 40. d6 Ng5 41. d7 {
(1-0 Tolush,A - Aronin,L/Moscow 1948/URS-ch).}) ({À êàê èãðàòü â ñëó÷àå} 10.
Nxb5 {ñïðîñèì ó Âåñåëèíà Òîïàëîâà. Èáî òàêîå åìó óæ âûïàëî ñ÷àñòüå, ÷òî
ïðîòèâ íåãî ýòîò õîä äåëàëè öåëûõ 5 ðàç. Èòîã? +4-1=0! Íå â ïîëüçó áåëûõ!} Re8
11. O-O (11. Nd2 Nxe4 12. Bxe4 Ba6 13. a4 Qa5 14. Nxd6 Nd7 15. Qc2 f5 16. Nxe8
Rxe8 17. Kd1 fxe4 18. Ra3 c4 19. Re3 Qxd5 20. Rxe4 Rf8 21. f3 Nc5 22. Re7 Bf6
23. Rxa7 c3 24. Rxa6 cxd2 25. Rxf6 dxc1=Q+ 26. Kxc1 Rxf6 27. Rd1 Qc6 28. Kb1
Nxa4 29. Qxc6 Rxc6 30. Rd8+ Kg7 31. Rd7+ Kh6 32. h4 Nc5 33. Rf7 Ne6 34. Ka2
Ra6+ 35. Kb1 Nd4 36. Rf4 Nf5 37. Re4 Rd6 38. Kc2 Ng3 39. Rg4 Nf1 40. Kc3 Ne3
41. Rg5 Nf5 42. Rg4 Kh5 43. b4 Ne3 44. Rd4 Rxd4 45. Kxd4 Nc2+ 46. Ke5 Nxb4 47.
Kf6 Nd5+ 48. Kg7 Ne3 {
0-1 Van Wely,L (2605) - Topalov,V (2740)/Wijk aan Zee 1998}) 11... Nxe4 12. Re1
(12. Bxe4 Rxe4 13. Ng5 Rb4 14. Qf3 Bf5 15. g4 Bf6 16. gxf5 Bxg5 17. fxg6 hxg6
18. Nxd6 Qxd6 19. Bxg5 Nd7 20. Rfe1 Rd4 21. Re7 Qxd5 22. Qxd5 Rxd5 23. Be3 a5
24. Rc1 a4 25. Re4 Ra5 26. Re8+ Kg7 27. Rd8 Kf6 28. h4 Ke7 29. Rc8 Rb5 30. Re1
Kf6 31. Rc7 Rxb2 32. Bf4 Rxa2 33. Re3 Kf5 34. Bg3 f6 35. Kg2 Ne5 36. Bxe5 fxe5
37. Rc6 Rd4 38. Rxc5 Rg4+ 39. Kf3 Rf4+ 40. Kg3 Rg4+ 41. Kf3 Rxh4 42. Rcxe5+ Kf6
43. Re6+ Kg5 44. R3e5+ Kh6 45. Ra5 Ra3+ 46. Kg2 Rg4+ 47. Kf1 Ra1+ 48. Ke2 Rf4
49. Raa6 Ra2+ 50. Ke3 Rg4 51. f3 Ra3+ 52. Kf2 Ra2+ 53. Ke3 Rg1 54. Kf4 Rh2 55.
Re4 Rh4+ 56. Ke5 Rxe4+ 57. Kxe4 Ra1 58. Kf4 a3 59. Kg3 Kg5 60. Kg2 Kf5 61. Kg3
Ke5 62. Kg2 g5 63. Ra5+ Kf4 64. Ra4+ Ke3 65. Ra5 Kd3 66. Rxg5 Kc3 67. Rg8 Rb1
68. Rc8+ Kb2 69. Rb8+ Ka1 70. Ra8 a2 71. Kg3 Kb2 72. Kf4 a1=Q 73. Rxa1 Rxa1 74.
Ke5 Re1+ 75. Kd5 Rf1 76. Ke4 Kc3 77. f4 Kc4 78. Ke5 Kc5 79. f5 Re1+ {
0-1 Van Wely,L (2632) - Topalov,V (2700)/Monte Carlo 1999}) 12... a6 13. Qa4 (
13. Na3 Nf6 14. Rxe8+ Nxe8 15. Bg5 Qc7 (15... Bf6 16. Qd2 Bb7 17. Re1 Nd7 18.
Be4 Nb6 19. b3 Bxg5 20. Nxg5 Nf6 21. Nc4 Nxc4 22. bxc4 Bc8 23. Bc2 Ra7 24. Qe3
Rb7 25. Ba4 Bd7 26. Bc6 Bxc6 27. dxc6 Rc7 28. Qf3 h6 29. Ne4 Nxe4 30. Qxe4 Qa8
31. Qf4 Qf8 32. Qf3 Qa8 33. Qf6 Rxc6 34. Re7 Qf8 35. Rd7 Qg7 36. Qd8+ Qf8 37.
Qf6 Qg7 38. Qf3 Rb6 39. Qa8+ Kh7 40. Qe8 Qa1+ 41. Kh2 Qe5+ 42. Qxe5 dxe5 43.
Rxf7+ Kg8 44. Re7 Rb2 45. Kg3 Rxa2 46. Rxe5 Kf7 47. Rxc5 a5 48. h4 h5 49. Kf3
a4 50. Ra5 a3 51. Ke3 Rc2 52. Rxa3 Rxc4 53. g3 Kf6 54. f3 Rb4 55. Rd3 Ra4 56.
Rd4 Ra5 57. Rc4 Ke5 58. Re4+ Kf5 59. Kd4 Kf6 60. Re8 Ra4+ 61. Ke3 Kf5 62. Rf8+
Ke5 63. f4+ Ke6 64. f5+ gxf5 65. Rh8 f4+ 66. gxf4 Ra3+ 67. Ke2 Ra2+ 68. Kd3
Ra3+ 69. Kd2 Ra2+ 70. Kc3 Ra3+ 71. Kd4 Ra4+ 72. Ke3 {
1/2 Epishin,V (2675) - Topalov,V (2640)/Las Palmas 1994}) 16. Qd2 Bb7 17. Re1
Nd7 18. Bc2 Nef6 19. Bb3 Re8 20. Rxe8+ Nxe8 21. Nc4 Nef6 22. Bf4 Bf8 23. Ne3
Nb6 24. Qd3 Qd7 25. Bc4 Nxc4 26. Qxc4 Qb5 27. b3 Qb4 28. Bg5 Bg7 29. a4 Ne4 30.
Bd8 f5 31. g4 f4 32. Nc2 Qxc4 33. bxc4 Bc8 34. a5 h6 35. Kf1 Kf7 36. Ke2 Ke8
37. Bc7 Kd7 38. Bb6 Ke7 39. Nd2 Nc3+ 40. Kf3 g5 41. Ne4 Bd7 42. Nxc3 Bxc3 43.
Ke2 Bf6 44. Na3 Ba4 45. Nb1 Bc2 46. Nd2 Bc3 47. Nf3 Bb4 48. Bc7 Kd7 49. Bb6 Bb3
50. Kd3 Ke8 51. Bc7 Ke7 52. Bb6 Kd7 53. Ng1 Be1 54. f3 Ba2 55. Ke2 Bb4 56. Kd3
Bb1+ 57. Ke2 Bc3 58. h4 gxh4 59. Nh3 Be5 60. Nf2 Bg6 {
(0-1 Gelfand,B (2680) - Topalov,V (2645)/Moscow 1994).}) 13... Nd7 14. Rxe4
Rxe4 15. Qxe4 Nf6 16. Qh4 axb5 17. Bxb5 Qb6 18. a4 Bb7 19. Bh6 Bxd5 20. Nd2 Qb7
21. Bxg7 Kxg7 22. Qg3 Nh5 23. Qc3+ Kg8 24. f3 Qe7 25. Ne4 Bxe4 26. fxe4 Qxe4
27. Re1 Qb7 28. Rf1 Ng7 29. Qf6 Nf5 30. Re1 Qd5 31. b3 Qd2 32. Rf1 Qe3+ 33. Kh2
Qg3+ 34. Kg1 Qxb3 35. Rxf5 gxf5 36. Qg5+ Kf8 37. Qh6+ Ke7 38. Qh4+ f6 39. Qxh7+
Qf7 40. Qxf5 Kd8 41. Bc6 Ra7 42. Bd5 Qe7 43. Qb1 Kc8 44. Qf5+ Kc7 45. Qb1 Qe3+
46. Kh1 Qd2 47. Qb3 Qc1+ {
(0-1 Lobron,E (2585) - Topalov,V (2750)/Dortmund 1996).}) 10... Nxe4 $1 {
Èçâåñòíàÿ øòó÷êà. Äàæå ÿ â íå¸ ïîïàäàëñÿ!} 11. Nxe4 {À òî, ÷òî Âàñèëèé
Ìèõàéëîâè÷ òàê íèêîãäà íå èãðàë - íè î ÷¸ì íå ãîâîðèò. Èáî ñûãðàòü îí ìîæåò
÷òî óãîäíî è ïðîòèâ êîãî óãîäíî. Òàê ÷òî  ê ïàðòèè ñ íèì ãîòîâèòñÿ îñîáî íå
íàäî. Âñ¸ ðàâíî íå óãàäàåøü.} Qa5+ 12. Nfd2 Qxb5 13. Nxd6 Qa6 14. N2c4 Rd8 15.
Bf4 Nd7 16. O-O Nb6 17. Nxb6 Qxb6 18. Nxc8 Raxc8 {Ìèíóÿ âñå ñòàäèè, ÷åðåç
êîòîðûå ïîëîæåíî âëà÷èòüñÿ øàõìàòíîé ïàðòèè,  áîðüáà ïåðåìåñòèëàñü â ýíäøïèëü.
} 19. Rb1 (19. d6 $145 Qc6 20. Qd2 Rb8 21. Rab1 Bf8 22. Rfd1 Rb6 23. Qc3 Bg7
24. Qc2 Rb4 25. Bh2 Bf8 26. Kh1 Bxd6 27. Rbc1 Rbb8 28. Rxd6 Rxd6 29. b3 Rc8 30.
Bxd6 Qxd6 31. g3 h5 32. h4 Qd5+ 33. Kg1 Re8 34. Qc4 Qd2 35. a4 Re5 36. Rf1 a5
37. Qc1 Qxc1 38. Rxc1 Kf8 39. Kf1 Ke7 40. Rd1 Re6 41. Rd5 Rc6 42. Ke2 Ke6 43.
Rg5 Kd7 44. Kd3 f5 45. f3 Ke7 46. g4 fxg4 47. fxg4 hxg4 48. Rxg4 Rb6 49. Kc3
Rf6 50. Kc4 Rb6 51. Rg3 Rb4+ 52. Kxc5 Kf6 53. Kc6 Rxh4 54. Kb6 Rh5 55. b4 axb4
56. a5 Rh8 57. a6 Kf5 58. Rf3+ Ke4 59. Rg3 Kf5 60. a7 g5 61. Rf3+ Ke4 62. Rb3
g4 63. Ka6 Ra8 64. Kb7 Rxa7+ 65. Kxa7 Kf4 66. Kb6 g3 67. Kc5 g2 68. Rb1 Ke3 69.
Kc4 Kf2 70. Rb2+ Kg3 71. Rb3+ Kh2 72. Rb2 Kh1 73. Rb1+ g1=Q 74. Rxg1+ Kxg1 75.
Kb3 Kf2 76. Kc4 Ke2 77. Kd4 Kd2 78. Kc4 Kc2 79. Kd5 {
(1/2 Esen,B (2459) - Ersahin,B (2143)/Izmir 2006).}) 19... Qb7 20. d6 Bf8 {
Ñ íàãëåöàìè, ïðîáðàâøèìèñÿ â ñâÿòàÿ ñâÿòûõ ó íàñ ðàçãîâîð îñîáûé áóäåò.} 21.
Qd2 ({Íè÷åãî íå ñìîã ïîäåëàòü ñ ÷¸ðíûìè è ÑÀÌ ; -} 21. Qd3 Bxd6 22. Bxd6 Rc6
23. Rfd1 Rcxd6 24. Qxd6 Rxd6 25. Rxd6 c4 26. Rd2 c3 27. Rc2 Qe4 28. Rbc1 cxb2
29. Rxb2 h5 30. g3 a5 31. Rb3 Qd5 32. Rcb1 Qd2 33. a3 Qc2 34. Rb8+ Kg7 35. Re1
Qc3 36. Re3 Qc1+ 37. Kg2 Qc6+ 38. Kg1 Qc1+ 39. Kg2 Qc6+ {
(1/2 Shipov,S (2620) - Velimirovic,D (2535)/Belgrade 1998).}) 21... Bxd6 22.
Bxd6 {È íåìíîæêî ïîèãðàåì íà íåðâàõ áåëîãî ôåðçÿ.} Rc6 {
Ãîñïîäè, äà êîãäà æå òåîðèÿ çäåñü çàêîí÷èòñÿ?} 23. b4 $146 {
Íîâîå - íå çíà÷èò ëó÷øåå.} ({
Äîëãî «âîçèëè» ÷¸ðíûõ â ñëåäóþùåé ïàðòèè, íî òàê è íå çàâåçëè -} 23. Rfd1
Qa6 24. Qg5 Rdxd6 25. Rxd6 Rxd6 26. Qxc5 Qxa2 27. Re1 Rd8 28. b4 a6 29. Qg5 Rf8
30. h4 Qc4 31. Qe7 h5 32. g3 Rc8 33. Rd1 Qc6 34. Rd6 Qa8 35. Qe1 Qb7 36. Qd2
Re8 37. Qc3 Rc8 38. Qd2 Re8 39. Rd5 Qc6 40. Kh2 Qf6 41. Rd4 Qc6 42. Rd6 Qf3 43.
Qd4 Qe4 44. Qc3 Qb7 45. Rc6 Qb5 46. Rf6 Re7 47. Qc8+ Re8 48. Qxa6 Qxb4 49. Qa2
Re6 50. Rxe6 fxe6 51. Qxe6+ Kg7 52. Qd7+ Kf6 53. Qc6+ Kg7 54. Qd5 Qc3 55. Kg2
Qf6 56. Qd7+ Kg8 57. Qc7 Qe6 58. Qf4 Qc6+ 59. Kf1 Qe6 60. Qe3 Qc4+ 61. Ke1 Qc2
62. Kf1 Qd1+ 63. Kg2 Qd5+ 64. f3 Qa2+ 65. Kh3 Qb1 66. g4 hxg4+ 67. fxg4 Qf1+
68. Kg3 Qf6 69. Qc5 Qe6 70. Qc3 Qe4 {
(1/2 Karpov,A (2775) - Topalov,V (2750)/Las Palmas 1996).}) 23... cxb4 24. Rxb4
Qd7 {Õîä åäèíñòâåííûé è î÷åâèäíûé.} 25. Rd1 Rxd6 $11 26. Qxd6 Qxd6 27. Rxd6
Rxd6 28. Ra4 1/2-1/2